Essentials of using and understanding mathematics : (Record no. 16644)

000 -LEADER
fixed length control field 00546cam a22001694a 4500
020 ## - INTERNATIONAL STANDARD BOOK NUMBER
ISBN 0201793873
040 ## - CATALOGING SOURCE
Transcribing agency DLC
082 00 - DEWEY DECIMAL CLASSIFICATION NUMBER
Classification number 510 ADD 2003 A109 Or.
100 1# - MAIN ENTRY--AUTHOR NAME
Personal name Bennett, Jeffrey O.
245 10 - TITLE STATEMENT
Title Essentials of using and understanding mathematics :
Remainder of title a quantitative reasoning approach /
246 30 - VARYING FORM OF TITLE
Title proper/short title Using and understanding mathematics
260 ## - PUBLICATION, DISTRIBUTION, ETC. (IMPRINT)
Place of publication Boston :
Name of publisher Addison Wesley,
Year of publication c2003.
300 ## - PHYSICAL DESCRIPTION
Number of Pages 1 v. (various pagings) :
Other physical details ill. (some col.), col. maps ;
Dimensions 26 cm.
650 #0 - SUBJECT ADDED ENTRY--TOPICAL TERM
Topical Term Mathematics.
700 1# - ADDED ENTRY--PERSONAL NAME
Personal name Briggs, William L.
942 ## - ADDED ENTRY ELEMENTS (KOHA)
Koha item type សៀវភៅភាសាអង់គ្លេស
952 ## - LOCATION AND ITEM INFORMATION (KOHA)
Withdrawn status [LOCAL, KOHA] 0
Holdings
Permanent Location Date acquired Koha item type Lost status Shelving location Barcode Current Location Full call number
Library Block A2018-03-19សៀវភៅភាសាអង់គ្លេស A106A15410Library Block A510 ADD 2003 A106 Or.
មជ្ឈមណ្ឌលឯការនៃសាកលវិទ្យាល័យភូមិន្ទកសិកម្មចំការដូង

Powered by Koha